ELEMENTS OF AGRICULTURAL ENGINEERING (Record no. 17009)
[ view plain ]
| 000 -LEADER | |
|---|---|
| fixed length control field | 00342nam a22001457a 4500 |
| 003 - CONTROL NUMBER IDENTIFIER | |
| control field | SGT |
| 020 ## - INTERNATIONAL STANDARD BOOK NUMBER | |
| International Standard Book Number | 97-81-8014-204-8 |
| 082 ## - DEWEY DECIMAL CLASSIFICATION NUMBER | |
| Classification number | 630 |
| Item number | E18S |
| 100 ## - MAIN ENTRY--PERSONAL NAME | |
| Personal name | SAHAY, DR. JAGDISHWAR |
| 245 ## - TITLE STATEMENT | |
| Title | ELEMENTS OF AGRICULTURAL ENGINEERING |
| 260 ## - PUBLICATION, DISTRIBUTION, ETC. (IMPRINT) | |
| Place of publication, distribution, etc | DELHI |
| Name of publisher, distributor, etc | STANDARD PUB |
| Year of Publication | 2018 |
| 300 ## - PAGE DESCRIPTION | |
| No. of Pages | 542 |
| 650 ## - SUBJECT ADDED ENTRY--TOPICAL TERM | |
| Topical term or geographic name as entry element | AGRICULTURE |
| 942 ## - ADDED ENTRY ELEMENTS (KOHA) | |
| Source of classification or shelving scheme | Dewey Decimal Classification |
| Koha item type | Books |
| 942 ## - ADDED ENTRY ELEMENTS (KOHA) | |
| -- | 81 |
| Withdrawn status | Lost status | Source of classification or shelving scheme | Damaged status | Not for loan | Collection code | Home library | Current library | Shelving location | Date acquired | Vendor Name | Cost, normal purchase price | SGTU | Bill Number | Total Checkouts | Full call number | Accession No. (Barcode) | Date last seen | Date last borrowed | Bill Date | Koha item type | Total Renewals |
|---|---|---|---|---|---|---|---|---|---|---|---|---|---|---|---|---|---|---|---|---|---|
| Dewey Decimal Classification | SCIENCE | SGT Science & Social Sciences Library | SGT Science & Social Sciences Library | Text Book | 27/02/2019 | BIO- GREEN | 542.00 | SGTU | LB-3403 | 28 | 630 E18S | AG1 | 17/01/2025 | 13/01/2025 | 05/02/2019 | Books | |||||
| Dewey Decimal Classification | SCIENCE | SGT Science & Social Sciences Library | SGT Science & Social Sciences Library | Text Book | 27/02/2019 | BIO- GREEN | 542.00 | SGTU | LB-3403 | 26 | 630 E18S | AG2 | 17/01/2025 | 02/01/2025 | 05/02/2019 | Books | |||||
| Dewey Decimal Classification | SCIENCE | SGT Science & Social Sciences Library | SGT Science & Social Sciences Library | Text Book | 27/02/2019 | BIO- GREEN | 542.00 | SGTU | LB-3403 | 26 | 630 E18S | AG3 | 17/01/2025 | 02/01/2025 | 05/02/2019 | Books | |||||
| Dewey Decimal Classification | SCIENCE | SGT Science & Social Sciences Library | SGT Science & Social Sciences Library | Text Book | 27/02/2019 | BIO- GREEN | 542.00 | SGTU | LB-3403 | 35 | 630 E18S | AG4 | 17/01/2025 | 11/01/2025 | 05/02/2019 | Books | 1 | ||||
| Dewey Decimal Classification | SCIENCE | SGT Science & Social Sciences Library | SGT Science & Social Sciences Library | Text Book | 27/02/2019 | BIO- GREEN | 542.00 | SGTU | LB-3403 | 31 | 630 E18S | AG5 | 15/09/2025 | 22/08/2025 | 05/02/2019 | Books |